All Batman Villains - Statistics

General Stats
  • This quiz has been taken 51 times
  • The average score is 43 of 111
Answer Stats
Answer % Correct
Joker
100%
Bane
97%
Penguin
97%
Harley Quinn
93%
Poison Ivy
93%
Ra's al Ghul
93%
Riddler
93%
Scarecrow
93%
Two-Face
93%
Catwoman
90%
Killer Croc
90%
Mr Freeze
90%
Clayface
86%
Firefly
79%
Deadshot
76%
Deathstroke
76%
Hush
76%
Mad Hatter
76%
Man-Bat
76%
Talia al Ghul
76%
Black Mask
72%
Calendar Man
72%
Hugo Strange
66%
Killer Moth
66%
Professor Pyg
62%
Solomon Grundy
62%
Ventriloquist (Arnold Wesker)
59%
Ventriloquist (Peyton Riley)
59%
Victor Zsasz
59%
Condiment King
55%
Lady Shiva
55%
Carmine Falcone
52%
Clock King
52%
Kite Man
52%
Owlman
48%
Talon
48%
Anarky
45%
Catman
45%
Scarface
45%
Copperhead
41%
Polka-Dot Man
41%
Tweedledee
41%
Tweedledum
41%
Arkham Knight
38%
Cluemaster
38%
Electrocutioner
38%
Sal Maroni
38%
Deacon Blackfire
34%
Great White Shark
34%
Magpie
34%
Maxie Zeus
34%
The Batman Who Laughs
34%
Bronze Tiger
31%
Gentleman Ghost
31%
Hangman (Sofia Gigante)
31%
KGBeast
31%
Mario Falcone
31%
Baby Doll
28%
Calculator
28%
Humpty Dumpty
28%
Onomatopoeia
28%
Orca
28%
Prometheus
28%
Ratcatcher
28%
The Phantasm
28%
David Cain
24%
Doctor Phosphorus
24%
Flamingo
24%
Holiday (Alberto Falcone)
24%
Joker's Daughter (Duela Dent)
24%
Punchline
24%
Rag Doll
24%
The Heretic
24%
Dollmaker
21%
Dr Death
21%
Dr Simon Hurt
21%
Film Freak
21%
The Carpenter
21%
White Rabbit
21%
Amygdala
17%
Cavalier
17%
Jane Doe
17%
March Harriet
17%
The Lion
17%
The Unicorn
17%
The Walrus
17%
Black Spider
14%
Cheshire
14%
Echo
14%
Nocturna
14%
Roxy Rocket
14%
Sensei
14%
She-Bat
14%
Dollhouse
10%
Ebeneezer Darrk
10%
Enigma
10%
Nyssa Raatko
10%
Tony Zucco
10%
Big Top
7%
Jack-in-the-Box
7%
Mister Bloom
7%
Mister Toad
7%
Phosphorus Rex
7%
Siam
7%
Silken Spider
7%
Tad Trigger
7%
Tom Trigger
7%
Bentley
3%
Doctor Moon
3%
Dragonfly
3%
Onyx
3%
No matching quizzes found
Score Distribution
Percent of People with Each Score
Percentile by Number Answered
Your Score History
You have not taken this quiz